The knights ; Peace ; The birds ; The assemblywomen ; Wealth /

Bibliographic Details
Main Author: Aristophanes
Other Authors: Barrett, David, 1914-1998, Sommerstein, Alan H.
Format: Book
Language:English
Greek, Ancient (to 1453)
Published: Harmondsworth ; New York [etc.] : Penguin, 1978.
Series:Penguin classics.
Subjects:

MARC

Tag First Indicator Second Indicator Subfields
LEADER 00000cam a2200000 i 4500
001 in00000214708
005 20151009055210.0
008 790716s1978 enk b 000 0 eng
010 |a  79308062  
015 |a GB78-17837 
020 |a 0140443320 :  |c £1.25 ($3.50) 
035 |a (OCoLC)05288415 
035 |9 AAX0177AM 
040 |a DLC  |c DLC  |d TXA  |d UtOrBLW 
041 1 |a eng  |a grc 
049 |a TXAM 
050 0 0 |a PA3877  |b .A2 1978 
082 0 0 |a 882/.01 
100 0 |a Aristophanes. 
240 1 0 |a Works.  |k Selections.  |l English 
245 1 4 |a The knights ; Peace ; The birds ; The assemblywomen ; Wealth /  |c  Aristophanes ; translated [from the Greek] by David Barrett and Alan H. Sommerstein. 
246 1 8 |a Birds and other plays 
246 3 0 |a Knights 
246 3 0 |a Peace 
246 3 0 |a Birds 
246 3 0 |a Assemblywomen 
246 3 0 |a Wealth 
264 1 |a Harmondsworth ;  |a New York [etc.] :  |b Penguin,  |c 1978. 
300 |a 335 pages ;  |c 18 cm. 
336 |a text  |b txt  |2 rdacontent 
337 |a unmediated  |b n  |2 rdamedia 
338 |a volume  |b nc  |2 rdacarrier 
490 1 |a Penguin classics 
504 |a Includes bibliographical references. 
600 0 0 |a Aristophanes  |x Translations into English. 
655 7 |a Comedies.  |2 gsafd 
700 1 |a Barrett, David,  |d 1914-1998. 
700 1 |a Sommerstein, Alan H. 
830 0 |a Penguin classics. 
999 |a MARS 
999 f f |s 8dd88d54-1047-3817-927e-d6010670ede4  |i 6adf6013-4abf-3bad-b6cf-2d364feac0a7  |t 0 
952 f f |p ric  |a Texas A&M University  |b Rellis Campus  |c Joint Library Facility  |s JLF  |d Remote Storage  |t 0  |e PA3877 .A2 1978  |h Library of Congress classification  |i unmediated -- volume  |m A14820036890 
998 f f |a PA3877 .A2 1978  |t 0  |l Remote Storage